Movies Quiz

Random Movies or Letter Quiz

Condensed Movies Quiz Stats

 Plays Quiz Updated Nov 9, 2016

Challenge
Share
Tweet
Embed
Score 0/48 Timer 10:00
0 Plays Today
Condensed Title Film Title % Correct
ider-MSpider-Man
94.8%
mageddArmageddon
88.9%
forgivUnforgiven
87.6%
ddyshaCaddyshack
84.7%
derworUnderworld
76.8%
eamgirDreamgirls
70.7%
ttysbuGettysburg
69.9%
dagascMadagascar
69.8%
rthquaEarthquake
69.3%
odfellGoodfellas
68.8%
acebalSpaceballs
66.8%
ldfingGoldfinger
66%
agecoaStagecoach
65.4%
ghlandHighlander
65.3%
abiscuSeabiscuit
60.2%
nderlaWonderland
60.2%
aveheaBraveheart
59.2%
sablanCasablanca
58.1%
terworWaterworld
56.9%
ewitneEyewitness
55.6%
enomenPhenomenon
54.9%
ashdanFlashdance
53.3%
ainstoBrainstorm
49.7%
indhouGrindhouse
46.9%
Condensed Title Film Title % Correct
ghthawNighthawks
46.7%
ellbouSpellbound
43.2%
flictiAffliction
42.1%
nerspaInnerspace
41.4%
prechaLeprechaun
40.7%
akeninAwakenings
40.7%
ripteaStriptease
40.6%
mmertiSummertime
39.6%
rtuosiVirtuosity
38.7%
ightplFlightplan
38.3%
llerbaRollerball
37.9%
mpulsiCompulsion
34.2%
llaterCollateral
33.6%
renthoParenthood
26.1%
usegueHouseguest
25.6%
lunteeVolunteers
25.2%
onstruMoonstruck
23.6%
rbarelBarbarella
22.3%
inestoRhinestone
17.5%
mbielaZombieland
15.3%
arantiQuarantine
14.3%
deodroVideodrome
12%
mi-TouSemi-Tough
11.8%
angeliChangeling
8.1%

You're not logged in!

Compare scores with friends on all Sporcle quizzes.
OR
Log In

You Might Also Like...

Show Comments

Extras

Top Quizzes Today


Score Distribution

Your Account Isn't Verified!

In order to create a playlist on Sporcle, you need to verify the email address you used during registration. Go to your Sporcle Settings to finish the process.

Report this User

Report this user for behavior that violates our Community Guidelines.

Details: